000 01512nas a2200445 i 4500
001 196893
003 ES-MaACL
005 20250124063037.0
006 m g d |
007 cr
008 250122c19409999sp m||p|s|||||||||b0mul
010 _ac
_b2
022 0 _2_j
_a1578-1860
_l0014-2565
035 _a(ISSN)15781860
035 _a(OCoLC)733128847
035 _a(SpMaBN)a4707653
035 _a991021109299708606
040 _aSpMaBN
_bspa
_cSpMaBN
_erdc
041 0 _beng
080 _a61
210 0 _aRev. clín. esp.
_bInternet
222 0 _aRevista clínica española
_bInternet
245 0 0 _aRevista clínica española
260 _aBarcelona
_bDoyma
260 3 _3200?-
_aBarcelona :
_bElsevier España
336 _aTexto (visual)
_2rdacontent
337 _aelectrónico
_2rdamedia
338 _2rdacarrier
_avolumen
362 1 _aLa edición impresa comenzó en 1940
500 _aÚltima consulta, 22 enero 2025
580 _aDisponible también únicamente en inglés con el mismo título
655 0 _aRevistas electrónicas
_2tgfbne
_9226718
655 0 _aPáginas Web
_2tgfbne
_9226719
710 0 _aSociedad Española de Medicina Interna
_96737
856 4 0 _uhttps://www.revclinesp.es/
_yAcceso electrónico
856 4 0 _uhttps://dialnet.unirioja.es/servlet/revista?codigo=2800
_zSumarios de la revista en Dialnet
942 _2udc
_cREV_E
_n0
999 _c196893
_d196893